[Event "Osh zt 3.4"]
[Site "Osh"]
[Date "2013.06.15"]
[Round "9"]
[White "Akkozov, Berik"]
[Black "Markov, Mikhail2222"]
[Result "1/2-1/2"]
[WhiteElo "2377"]
[BlackElo "2255"]
[PlyCount "94"]
[EventDate "2013.06.07"]
[EventType "swiss"]
[EventRounds "9"]
[EventCountry "KGZ"]
[SourceTitle "CBM 154 Extra"]
[Source "ChessBase"]
[SourceDate "2013.06.25"]
[SourceVersion "2"]
[SourceVersionDate "2013.06.25"]
[SourceQuality "1"]

1. d4 Nf6 2. Nf3 e6 3. c4 d5 4. Nc3 Be7 5. Bf4 c6 6. e3 0-0 7. h3 b6 8. cxd5 exd5 9. Bd3 Bb7 10. 0-0 Nbd7 11. Rc1 Re8 12. Qc2 Nf8 13. Bh2 Bd6 14. Bxd6 Qxd6 15. Rfd1 N8d7 16. a3 h6 17. Nd2 Rac8 18. b4 Qb8 19. Nb3 Qa8 20. Bf1 Re6 21. Qb1 Ne8 22. a4 Nd6 23. a5 b5 24. Bd3 Rce8 25. Bf5 Nxf5 26. Qxf5 Bc8 27. Ne2 Nf8 28. Qc2 Ng6 29. Rd3 Rf6 30. Ng3 Qb8 31. Rc3 Ne7 32. Qd1 Rd8 33. Nd2 Bd7 34. Nf3 Be8 35. Ne5 Re6 36. Qg4 Red6 37. f4 f6 38. Nd3 Qc8 39. f5 Bd7 40. Rf1 g6 41. e4 dxe4 42. Nxe4 Bxf5 43. Nxd6 Rxd6 44. Qf4 Qd8 45. Qxh6 Rxd4 46. Nc5 Rxb4 47. Rxf5 Rd4 1/2-1/2

[Event "Osh zt 3.4"]
[Site "Osh"]
[Date "2013.06.12"]
[Round "6"]
[White "Akkozov, Berik"]
[Black "Haitbaev, Hayrulla"]
[Result "1-0"]
[WhiteElo "2377"]
[BlackElo "2109"]
[PlyCount "71"]
[EventDate "2013.06.07"]
[EventType "swiss"]
[EventRounds "9"]
[EventCountry "KGZ"]
[SourceTitle "CBM 154 Extra"]
[Source "ChessBase"]
[SourceDate "2013.06.25"]
[SourceVersion "2"]
[SourceVersionDate "2013.06.25"]
[SourceQuality "1"]

1. d4 Nf6 2. Nf3 g6 3. c4 d5 4. Nc3 Bg7 5. Bf4 0-0 6. Rc1 c6 7. e3 Nh5 8. Be5 f6 9. Bxb8 Rxb8 10. cxd5 cxd5 11. Nxd5 Kh8 12. Nc3 b5 13. Be2 Qa5 14. 0-0 f5 15. Nd2 b4 16. Nc4 Qd8 17. Na4 Nf6 18. Ne5 Bb7 19. Nc5 Bd5 20. Bc4 Bxc4 21. Rxc4 Qd5 22. Qb3 Ne4 23. Nxe4 Bxe5 24. Nc5 Bd6 25. Rfc1 a5 26. Rxb4 Bxh2+ 27. Kf1 Qa8 28. Rxb8 Rxb8 29. Qf7 Bd6 30. Ne6 Rg8 31. Ng5 Rg7 32. Qe6 Rg8 33. Kg1 Kg7 34. f4 Rf8 35. Rc7 Qd8 36. Rd7 1-0

[Event "KAZ-ch"]
[Site "Kostanay"]
[Date "2013.05.05"]
[Round "11"]
[White "Kostenko, Petr"]
[Black "Akkozov, Berik"]
[Result "0-1"]
[WhiteElo "2482"]
[BlackElo "2372"]
[PlyCount "58"]
[EventDate "2013.04.25"]
[EventType "tourn"]
[EventRounds "11"]
[EventCountry "KAZ"]
[EventCategory "3"]
[SourceTitle "CBM 154 Extra"]
[Source "ChessBase"]
[SourceDate "2013.06.25"]
[SourceVersion "2"]
[SourceVersionDate "2013.06.25"]
[SourceQuality "1"]

1. c4 Nf6 2. g3 c6 3. Bg2 d5 4. Nf3 g6 5. Qb3 Bg7 6. d4 Qb6 7. Nc3 Qxb3 8. axb3 0-0 9. c5 Na6 10. Ra4 Bf5 11. Bf4 Nd7 12. b4 Bc2 13. b5 Naxc5 14. dxc5 Bxc3+ 15. bxc3 Bxa4 16. bxc6 bxc6 17. Be3 e5 18. 0-0 Bb5 19. Re1 a5 20. Kf1 a4 21. Ra1 a3 22. Ke1 Ra4 23. Kd1 Rfa8 24. Bf1 Rc4 25. Kd2 f6 26. Ne1 d4 27. cxd4 exd4 28. Bh6 Nxc5 29. Kd1 Ba4+ 0-1

[Event "KAZ-ch"]
[Site "Kostanay"]
[Date "2013.05.03"]
[Round "9"]
[White "Kazakov, Konstantin"]
[Black "Akkozov, Berik"]
[Result "1-0"]
[WhiteElo "2309"]
[BlackElo "2372"]
[PlyCount "109"]
[EventDate "2013.04.25"]
[EventType "tourn"]
[EventRounds "11"]
[EventCountry "KAZ"]
[EventCategory "3"]
[SourceTitle "CBM 154 Extra"]
[Source "ChessBase"]
[SourceDate "2013.06.25"]
[SourceVersion "2"]
[SourceVersionDate "2013.06.25"]
[SourceQuality "1"]

1. e4 c5 2. Nf3 d6 3. d4 Nf6 4. Nc3 cxd4 5. Nxd4 Nc6 6. Be2 e5 7. Nf3 h6 8. 0-0 Be7 9. Re1 0-0 10. Bf1 a6 11. Nd5 Nxd5 12. exd5 Nb8 13. c4 b6 14. Rb1 a5 15. b3 Bf5 16. Bd3 Bxd3 17. Qxd3 f5 18. a3 Rf7 19. Qd1 Qc8 20. Qc2 Bf6 21. Bb2 Na6 22. Nd2 Bg5 23. Nf3 Bd8 24. Bxe5 dxe5 25. Nxe5 Rf6 26. Nc6 Qd7 27. b4 b5 28. cxb5 Nc7 29. bxa5 Nxd5 30. Red1 Rd6 31. Ne5 Qe6 32. Nc4 Rd7 33. Re1 Qf6 34. b6 Rb7 35. Qd3 Nc3 36. Rb3 Ne4 37. Qd5+ Kh7 38. Qxb7 Qd4 39. Ne3 Rxa5 40. Rd1 Qf6 41. Qb8 Be7 42. b7 f4 43. Ng4 Qe6 44. Qxf4 Bd6 45. b8Q Bxb8 46. Rxb8 Nc3 47. Nf6+ gxf6 48. Rb7+ Kg6 49. Qg3+ Rg5 50. Qxc3 Qg4 51. Qc2+ Kh5 52. f3 Qxf3 53. Rb3 Rxg2+ 54. Kh1 Qg4 55. Rd5+ 1-0

[Event "KAZ-ch"]
[Site "Kostanay"]
[Date "2013.04.30"]
[Round "6"]
[White "Akkozov, Berik"]
[Black "Popov, Dmitriy"]
[Result "1-0"]
[WhiteElo "2372"]
[BlackElo "2293"]
[PlyCount "67"]
[EventDate "2013.04.25"]
[EventType "tourn"]
[EventRounds "11"]
[EventCountry "KAZ"]
[EventCategory "3"]
[SourceTitle "CBM 154 Extra"]
[Source "ChessBase"]
[SourceDate "2013.06.25"]
[SourceVersion "2"]
[SourceVersionDate "2013.06.25"]
[SourceQuality "1"]

1. d4 Nf6 2. Nf3 e6 3. c4 Bb4+ 4. Nbd2 Nc6 5. a3 Bxd2+ 6. Bxd2 a5 7. Bg5 h6 8. Bh4 Qe7 9. e3 d6 10. Rc1 a4 11. Bd3 e5 12. d5 Nb8 13. Bc2 Bd7 14. Nd2 g5 15. Bg3 h5 16. h4 g4 17. Nb1 Kf8 18. Nc3 Qe8 19. 0-0 Ra5 20. f4 gxf3 21. Qxf3 Rh6 22. Bf5 Na6 23. Be1 Nc5 24. e4 Bxf5 25. Qxf5 Nb3 26. Rd1 Nd4 27. Rxd4 exd4 28. Ne2 Rc5 29. Bd2 Rh7 30. Qxf6 Qe5 31. Qg6 Qg7 32. Qf5 Kg8 33. Rf3 Qf8 34. Rg3+ 1-0

[Event "KAZ-ch"]
[Site "Kostanay"]
[Date "2013.04.28"]
[Round "4"]
[White "Akkozov, Berik"]
[Black "Kassimov, Baurzhan"]
[Result "1/2-1/2"]
[WhiteElo "2372"]
[BlackElo "2346"]
[PlyCount "64"]
[EventDate "2013.04.25"]
[EventType "tourn"]
[EventRounds "11"]
[EventCountry "KAZ"]
[EventCategory "3"]
[SourceTitle "CBM 154 Extra"]
[Source "ChessBase"]
[SourceDate "2013.06.25"]
[SourceVersion "2"]
[SourceVersionDate "2013.06.25"]
[SourceQuality "1"]

1. d4 d6 2. c4 e5 3. Nf3 e4 4. Ng5 f5 5. Nc3 c6 6. Nh3 Nf6 7. g3 Na6 8. Bg2 Be7 9. 0-0 Nc7 10. f3 exf3 11. exf3 d5 12. cxd5 Ncxd5 13. Nf4 Nxf4 14. Bxf4 0-0 15. Qb3+ Kh8 16. Rad1 Qb6 17. Qxb6 axb6 18. a3 Re8 19. Rfe1 Bd7 20. Kh1 b5 21. Be5 Be6 22. Re3 Kg8 23. h3 Nd5 24. Nxd5 Bxd5 25. f4 Rad8 26. Rc1 Kf7 27. Bxd5+ Rxd5 28. Kg2 Bd8 29. b4 Bb6 30. Rd3 Red8 31. Rcd1 R5d7 32. Kf3 Ke6 1/2-1/2